[Event "Politiken Cup 2008"]
[Site "Helsingør DEN"]
[Date "2008.07.20"]
[Round "3.88"]
[White "Snahre, Stig Allan"]
[Black "Preuss, Flemming"]
[Result "0-1"]
[WhiteElo "1623"]
[BlackElo "2059"]
[PlyCount "116"]
[EventDate "2008.07.20"]
[EventType "swiss"]
[EventRounds "9"]
[EventCountry "DEN"]
[Source "lmi"]
[SourceDate "2008.07.20"]
[WhiteTeam "Egernsund"]
[BlackTeam "Næstved"]

1. e4 d6 2. d4 Nf6 3. Nc3 Nbd7 4. Nf3 e5 5. dxe5 dxe5 6. Bc4 Bc5 7. Bg5 O-O 8.
O-O c6 9. Qd2 b5 10. Bd3 a6 11. a4 b4 12. Ne2 a5 13. Ng3 Qc7 14. Nf5 g6 15.
Bxf6 Nxf6 16. Qg5 Bxf5 17. exf5 Be7 18. fxg6 e4 19. gxf7+ Kh8 20. Nd4 Nd5 21.
Qh6 exd3 22. Ne6 Qe5 23. Rae1 Qf6 24. Qxf6+ Bxf6 25. Nxf8 Rxf8 26. cxd3 Bxb2
27. Re6 Rxf7 28. Rxc6 Nf4 29. Rd6 Bc3 30. g3 Ne2+ 31. Kg2 Kg7 32. f4 Rb7 33.
Kf2 Nd4 34. g4 b3 35. Rb1 b2 36. h4 Rb4 37. f5 Rxa4 38. f6+ Kf7 39. g5 Ra1 40.
Rd7+ Ke6 41. Rxb2 Kxd7 42. Rb7+ Kc6 43. Rxh7 Be1+ 44. Ke3 Nf5+ 45. Kf4 Nxh4 46.
f7 Ng6+ 47. Kf5 Nf8 48. Rh8 Bb4 49. g6 Rf1+ 50. Kg5 Rg1+ 51. Kf5 Nxg6 52. Rh6
Bf8 53. Rxg6+ Rxg6 54. Kxg6 a4 55. Kh7 a3 56. Kg8 Bd6 57. f8=Q Bxf8 58. Kxf8 a2
0-1

[Event "Politiken Cup 2008"]
[Site "Helsingør DEN"]
[Date "2008.07.20"]
[Round "3.89"]
[White "Carnstam, Tomas"]
[Black "Kopansky, Lorentz"]
[Result "1-0"]
[WhiteElo "2046"]
[BlackElo "1463"]
[PlyCount "161"]
[EventDate "2008.07.20"]
[EventType "swiss"]
[EventRounds "9"]
[EventCountry "DEN"]
[Source "lmi"]
[SourceDate "2008.07.20"]
[WhiteTeam "LASK"]
[BlackTeam "HSK Post Hanover"]

1. d4 Nf6 2. c4 g6 3. Nc3 Bg7 4. e4 d6 5. f4 O-O 6. Nf3 c5 7. d5 e6 8. dxe6
fxe6 9. Bd3 Nc6 10. O-O Kh8 11. f5 exf5 12. exf5 Bxf5 13. Bxf5 gxf5 14. Nh4 Ne4
15. Nxf5 Nxc3 16. bxc3 Bxc3 17. Rb1 Nd4 18. Qd3 Rxf5 19. Rxf5 Nxf5 20. Qxc3+
Nd4 21. Rxb7 Qf6 22. Qd3 Qh4 23. g3 Qh5 24. Bb2 Qg6 25. Bxd4+ cxd4 26. Qxd4+
Kg8 27. Qd5+ Kf8 28. c5 dxc5 29. Qxc5+ Kg8 30. Qc4+ Kf8 31. Qb4+ Kg8 32. Rb8+
Rxb8 33. Qxb8+ Kg7 34. Qxa7+ Kh6 35. Qe3+ Kg7 36. Qc3+ Kh6 37. Qd2+ Kg7 38.
Qb2+ Kh6 39. a4 Qe6 40. Qd2+ Kg7 41. a5 Qa6 42. Qd4+ Kg8 43. Qd5+ Kg7 44. Qe5+
Kg8 45. Kg2 Qc6+ 46. Kf2 Qc2+ 47. Kf3 Qd1+ 48. Kf4 Qf1+ 49. Kg5 Qc1+ 50. Kh5
Qd1+ 51. Kh6 Qd7 52. Qb8+ Kf7 53. Qb3+ Kf6 54. Qc3+ Ke6 55. Qe3+ Kf7 56. Qf4+
Kg8 57. Qg5+ Kh8 58. Qe5+ Kg8 59. g4 Qc6+ 60. Kh5 Qg6+ 61. Kh4 Qh6+ 62. Kg3 Qa6
63. Qd5+ Kg7 64. Qd7+ Kg8 65. Qd8+ Kf7 66. g5 Qe2 67. Qd5+ Kg7 68. Qd4+ Kg8 69.
Qc3 Qe6 70. h4 Qa2 71. Qc8+ Kg7 72. Qb7+ Kg8 73. a6 Qa3+ 74. Kf4 Qa4+ 75. Kf5
Qc2+ 76. Ke6 Qc4+ 77. Qd5 Qxa6+ 78. Ke7+ Kh8 79. Qd8+ Kg7 80. Qf8+ Kg6 81. Qf7#
1-0

[Event "Politiken Cup 2008"]
[Site "Helsingør DEN"]
[Date "2008.07.20"]
[Round "3.84"]
[White "Hansen, Frank"]
[Black "Tallaksen, Levi andre"]
[Result "0-1"]
[WhiteElo "1795"]
[BlackElo "2069"]
[PlyCount "76"]
[EventDate "2008.07.20"]
[EventType "swiss"]
[EventRounds "9"]
[EventCountry "DEN"]
[Source "lmi"]
[SourceDate "2008.07.20"]
[WhiteTeam "Skovbo"]
[BlackTeam "TSM Schaakclub"]

1. e4 e5 2. c3 d6 3. d4 Nd7 4. Nf3 Be7 5. Nbd2 Ngf6 6. Qc2 c6 7. Nc4 Qc7 8. b4
O-O 9. Bd3 exd4 10. cxd4 d5 11. exd5 cxd5 12. Ne3 Bxb4+ 13. Bd2 Bxd2+ 14. Nxd2
Qf4 15. Nf3 Re8 16. O-O Nf8 17. Qb3 Rd8 18. Rfd1 Ng6 19. Rac1 b6 20. a4 Be6 21.
a5 bxa5 22. Rc5 Ng4 23. Bxg6 hxg6 24. Rxa5 Nxe3 25. fxe3 Qh6 26. Rda1 Rab8 27.
Qa3 Rd7 28. Rxa7 Rxa7 29. Qxa7 Qxe3+ 30. Kh1 Rc8 31. Re1 Qf2 32. Qa3 Rc2 33.
Rg1 f6 34. Qd6 Re2 35. Qb8+ Kh7 36. Qf4 g5 37. Qd6 g4 38. Nd2 Re1 0-1

[Event "Politiken Cup 2008"]
[Site "Helsingør DEN"]
[Date "2008.07.20"]
[Round "3.91"]
[White "Mottang, Harald"]
[Black "Christensen, Esben"]
[Result "0-1"]
[WhiteElo "1323"]
[BlackElo "2041"]
[PlyCount "34"]
[EventDate "2008.07.20"]
[EventType "swiss"]
[EventRounds "9"]
[EventCountry "DEN"]
[Source "lmi"]
[SourceDate "2008.07.20"]
[BlackTeam "Brønshøj"]

1. Nf3 Nf6 2. c4 g6 3. Nc3 Bg7 4. d4 c5 5. e3 O-O 6. dxc5 Qa5 7. Bd2 Qxc5 8.
Be2 d5 9. cxd5 Nxd5 10. Rc1 Nc6 11. Nxd5 Qxd5 12. Bc4 Qh5 13. Qb3 Na5 14. Bxa5
Qxa5+ 15. Ke2 b6 16. Rhd1 Ba6 17. Rd5 Qxd5 0-1

[Event "Politiken Cup 2008"]
[Site "Helsingør DEN"]
[Date "2008.07.20"]
[Round "3.92"]
[White "Hansen, Mads"]
[Black "Hagen, Thorolf"]
[Result "1-0"]
[WhiteElo "2041"]
[BlackElo "1130"]
[PlyCount "51"]
[EventDate "2008.07.20"]
[EventType "swiss"]
[EventRounds "9"]
[EventCountry "DEN"]
[Source "lmi"]
[SourceDate "2008.07.20"]
[WhiteTeam "Frem"]
[BlackTeam "Kristiansand"]

1. e4 e5 2. Nf3 Nc6 3. Bb5 Nf6 4. d3 d6 5. O-O Be7 6. c3 O-O 7. Re1 Bd7 8. d4
Nxd4 9. Nxd4 exd4 10. Bxd7 Qxd7 11. cxd4 Rad8 12. Nc3 c6 13. d5 cxd5 14. exd5
Rfe8 15. Be3 b6 16. Qb3 Rb8 17. Rac1 Rb7 18. Bd4 b5 19. h3 a6 20. Nd1 Rbb8 21.
Rc6 Ra8 22. Ne3 Rec8 23. Rec1 Bd8 24. Qc2 Ne8 25. Rxc8 Rxc8 26. Qxc8 1-0

[Event "Politiken Cup 2008"]
[Site "Helsingør DEN"]
[Date "2008.07.20"]
[Round "3.93"]
[White "Frisvold, Ole Emil"]
[Black "Ramme, Christoph"]
[Result "0-1"]
[WhiteElo "1284"]
[BlackElo "2041"]
[PlyCount "72"]
[EventDate "2008.07.20"]
[EventType "swiss"]
[EventRounds "9"]
[EventCountry "DEN"]
[Source "lmi"]
[SourceDate "2008.07.20"]
[WhiteTeam "Bergens"]
[BlackTeam "SK Marmsdorf"]

1. d4 Nf6 2. c4 e6 3. Nf3 c5 4. d5 exd5 5. cxd5 d6 6. Nc3 g6 7. e4 Bg7 8. Bb5+
Nbd7 9. O-O O-O 10. Bg5 Qc7 11. Re1 a6 12. Ba4 b5 13. Bc2 Ng4 14. h3 Nge5 15.
Nxe5 Nxe5 16. f4 Nc4 17. e5 Nxb2 18. Qf3 Nc4 19. exd6 Nxd6 20. Be7 b4 21. Bxd6
Qxd6 22. Ne4 Qb6 23. Rad1 Bf5 24. d6 Rad8 25. Qd3 Bd4+ 26. Kh1 Rxd6 27. Qg3 Re6
28. Ng5 Rxe1+ 29. Rxe1 Bxc2 30. Qh4 h5 31. g4 c4 32. gxh5 Bf2 33. Qg4 Bxe1 34.
h6 Bf5 35. Qe2 Qc6+ 36. Kh2 Qd6 0-1

[Event "Politiken Cup 2008"]
[Site "Helsingør DEN"]
[Date "2008.07.20"]
[Round "3.94"]
[White "Humphrey, Jonathan"]
[Black "Suntharalingam, Jarani"]
[Result "1-0"]
[WhiteElo "2289"]
[BlackElo "1000"]
[PlyCount "49"]
[EventDate "2008.07.20"]
[EventType "swiss"]
[EventRounds "9"]
[EventCountry "DEN"]
[Source "lmi"]
[SourceDate "2008.07.20"]
[BlackTeam "OSS"]

1. e4 c5 2. Nf3 e6 3. d4 cxd4 4. Nxd4 Nc6 5. Nc3 Nf6 6. Ndb5 d5 7. exd5 exd5 8.
Bf4 a6 9. Nc7+ Ke7 10. N3xd5+ Nxd5 11. Nxd5+ Ke8 12. Nc7+ Ke7 13. Qxd8+ Nxd8
14. Nxa8 Ne6 15. Bg3 Nd4 16. O-O-O Nc6 17. Bc4 g6 18. Bh4+ f6 19. Rhe1+ Ne5 20.
Rxe5+ Be6 21. Rxe6+ Kf7 22. Rd7+ Be7 23. Rexe7+ Kf8 24. Rf7+ Ke8 25. Nc7# 1-0

[Event "Politiken Cup 2008"]
[Site "Helsingør DEN"]
[Date "2008.07.20"]
[Round "3.95"]
[White "Sjol, Henrik"]
[Black "Bach, Matthias"]
[Result "0-1"]
[WhiteElo "1860"]
[BlackElo "2272"]
[PlyCount "136"]
[EventDate "2008.07.20"]
[EventType "swiss"]
[EventRounds "9"]
[EventCountry "DEN"]
[Source "lmi"]
[SourceDate "2008.07.20"]
[WhiteTeam "Akademisk"]
[BlackTeam "Hsk V 1830"]

1. e4 c5 2. Nf3 d6 3. d4 cxd4 4. Nxd4 Nf6 5. Nc3 g6 6. Be2 Bg7 7. O-O O-O 8.
Be3 Nc6 9. Kh1 Bd7 10. f4 a6 11. Bf3 Na5 12. e5 Ne8 13. e6 fxe6 14. Bg4 Nc4 15.
Bg1 Nxb2 16. Qe1 e5 17. Ne6 Qc8 18. Nd5 Qxc2 19. Rc1 Qd3 20. Nb6 Nf6 21. Nxd7
Nxg4 22. Nexf8 Bxf8 23. fxe5 Bg7 24. Qh4 Nh6 25. Qxe7 Nf5 26. Qe6+ Kh8 27. exd6
Qxd6 28. Qxd6 Nxd6 29. Bc5 Ne4 30. Ba3 Nd3 31. Rc2 h5 32. Nb6 Re8 33. g3 Nef2+
34. Kg2 Ng4 35. Nd5 Ne1+ 36. Rxe1 Rxe1 37. h3 Ne3+ 38. Nxe3 Rxe3 39. Bc1 Re7
40. Bg5 Rd7 41. Kf3 Kh7 42. Kg2 Bh6 43. Bf6 Rd2+ 44. Rxd2 Bxd2 45. Kf3 Kg8 46.
g4 Kf7 47. Bd8 hxg4+ 48. Kxg4 b5 49. h4 a5 50. h5 gxh5+ 51. Kxh5 a4 52. Bb6 b4
53. Kg4 b3 54. axb3 axb3 55. Bd4 Ke6 56. Kf3 Kd5 57. Bb2 Kc4 58. Ke2 Bc3 59.
Ba3 Bf6 60. Kd1 Bg5 61. Bb2 Kd3 62. Ba1 Be3 63. Bb2 Bd2 64. Ba1 Bf4 65. Bb2 Be3
66. Ba3 Kc3 67. Ke2 Bc5 68. Bc1 Kc2 0-1

[Event "Politiken Cup 2008"]
[Site "Helsingør DEN"]
[Date "2008.07.20"]
[Round "3.96"]
[White "Hobber, Anders"]
[Black "Rolvaag, Birk Anders"]
[Result "1/2-1/2"]
[WhiteElo "2012"]
[BlackElo "1829"]
[PlyCount "68"]
[EventDate "2008.07.20"]
[EventType "swiss"]
[EventRounds "9"]
[EventCountry "DEN"]
[Source "lmi"]
[SourceDate "2008.07.20"]
[WhiteTeam "Porsgrunn"]
[BlackTeam "Narvik"]

1. e4 c5 2. Nc3 Nc6 3. g3 g6 4. Bg2 Bg7 5. d3 Nf6 6. Be3 d6 7. h3 O-O 8. Qd2
Rb8 9. f4 Bd7 10. Nge2 b5 11. O-O b4 12. Nd1 a5 13. g4 a4 14. Rb1 h5 15. g5 Ne8
16. h4 a3 17. b3 Nc7 18. f5 Ne5 19. Nf4 Kh7 20. Nf2 Bc6 21. Qd1 Rh8 22. d4 cxd4
23. Bxd4 Nb5 24. fxg6+ fxg6 25. Ne6 Qa5 26. Nxg7 Nxd4 27. Qxd4 Kxg7 28. Nd3
Rhf8 29. Rxf8 Kxf8 30. Rf1+ Kg8 31. Bh3 Rf8 32. Be6+ Kg7 33. Rxf8 Kxf8 34. Qf2+
Ke8 1/2-1/2

[Event "Politiken Cup 2008"]
[Site "Helsingør DEN"]
[Date "2008.07.20"]
[Round "3.97"]
[White "Bandke, Martin"]
[Black "Svanholm, Borge Waaktaar"]
[Result "1/2-1/2"]
[WhiteElo "1835"]
[BlackElo "2003"]
[PlyCount "163"]
[EventDate "2008.07.20"]
[EventType "swiss"]
[EventRounds "9"]
[EventCountry "DEN"]
[Source "lmi"]
[SourceDate "2008.07.20"]
[WhiteTeam "SC Leinfelden"]
[BlackTeam "SK Stjernen"]

1. e4 c5 2. c3 Nf6 3. e5 Nd5 4. d4 cxd4 5. cxd4 d6 6. Nf3 Nc6 7. Qb3 e6 8. Bc4
Nb6 9. Be2 Be7 10. Nc3 O-O 11. O-O Bd7 12. Bf4 d5 13. g4 f6 14. Be3 fxe5 15.
Nxe5 Bd6 16. f4 Bxe5 17. fxe5 Qe7 18. Qc2 Rxf1+ 19. Rxf1 Rf8 20. Rxf8+ Qxf8 21.
b3 Be8 22. Nb5 Nc8 23. Bd3 h6 24. Kg2 a6 25. Nc7 Bd7 26. Bh7+ Kh8 27. Qg6 N8e7
28. Qd3 Qf7 29. h4 g6 30. Bxg6 Nxg6 31. Kg3 Qh7 32. Na8 Nge7 33. Qd2 Qg7 34.
Bxh6 Nf5+ 35. Kh3 Nxh6 36. Qf4 Kg8 37. Nb6 Be8 38. Na4 Qg6 39. Nc5 Qxg4+ 40.
Qxg4+ Nxg4 41. Kxg4 Nxd4 42. Nxb7 Bb5 43. Kg5 Kg7 44. h5 Nf3+ 45. Kf4 Nd4 46.
Kg5 Bd3 47. Nc5 Bb1 48. a3 a5 49. b4 axb4 50. axb4 Kf7 51. Nb7 Ke7 52. Nd6 Nc6
53. b5 Nxe5 54. Nc8+ Kd7 55. Nb6+ Kc7 56. Na4 Nd7 57. Nc3 Bd3 58. h6 Kd6 59.
Kf4 Bh7 60. Na4 e5+ 61. Ke3 Nf6 62. Kf3 d4 63. Nb2 Ng8 64. Nc4+ Kd5 65. b6 e4+
66. Kf4 Ne7 67. Na5 Nc6 68. Nb3 Kc4 69. Nc1 d3 70. Ke3 Kb5 71. b7 Kb6 72. Nb3
Kxb7 73. Nc5+ Kc8 74. Nxe4 Bxe4 75. Kxe4 d2 76. h7 d1=Q 77. h8=Q+ Kc7 78. Qg7+
Kb6 79. Qb2+ Kc5 80. Qc3+ Kd6 81. Qd3+ Qxd3+ 82. Kxd3 1/2-1/2

[Event "Politiken Cup 2008"]
[Site "Helsingør DEN"]
[Date "2008.07.20"]
[Round "3.98"]
[White "Hansen, Rene Rauer"]
[Black "Wimo, Jorgen"]
[Result "1-0"]
[WhiteElo "2001"]
[BlackElo "1809"]
[PlyCount "95"]
[EventDate "2008.07.20"]
[EventType "swiss"]
[EventRounds "9"]
[EventCountry "DEN"]
[Source "lmi"]
[SourceDate "2008.07.20"]
[WhiteTeam "Læseforeningen"]
[BlackTeam "Ålsgårde"]

1. e4 c5 2. Nf3 d6 3. d4 cxd4 4. Nxd4 Nf6 5. Nc3 a6 6. Bg5 e5 7. Nb3 Be6 8. f4
Be7 9. Bxf6 Bxf6 10. f5 Bxb3 11. axb3 O-O 12. Nd5 Nc6 13. Bd3 Ne7 14. Nxf6+
gxf6 15. Qg4+ Kh8 16. Qh4 Nc6 17. c3 Rg8 18. Qf2 d5 19. Rd1 d4 20. Bc4 Rg4 21.
Qe2 Qg8 22. O-O h5 23. Rf3 Qg7 24. Rh3 Kg8 25. Rxh5 Kf8 26. Bd5 Rc8 27. Rh3 Rc7
28. Bxc6 Rxc6 29. Rhd3 Qg5 30. cxd4 Qf4 31. h3 Rg3 32. Rxg3 Qxg3 33. d5 Rd6 34.
Rd3 Qf4 35. Rc3 Rb6 36. Qe3 Qxe3+ 37. Rxe3 Rb4 38. Kf2 a5 39. Kf3 a4 40. g4 b5
41. h4 Rd4 42. bxa4 bxa4 43. g5 fxg5 44. hxg5 Rd2 45. Re2 Rd3+ 46. Kg4 Kg7 47.
f6+ Kg6 48. Rh2 1-0

[Event "Politiken Cup 2008"]
[Site "Helsingør DEN"]
[Date "2008.07.20"]
[Round "3.99"]
[White "Hansen, Herborg"]
[Black "Nordin, Eric"]
[Result "1-0"]
[WhiteElo "1751"]
[BlackElo "1991"]
[PlyCount "43"]
[EventDate "2008.07.20"]
[EventType "swiss"]
[EventRounds "9"]
[EventCountry "DEN"]
[Source "lmi"]
[SourceDate "2008.07.20"]
[WhiteTeam "Klaksvikar"]
[BlackTeam "Åstorp"]

1. e4 d6 2. d4 Nf6 3. Nc3 g6 4. Bc4 Bg7 5. Nge2 Nxe4 6. Bxf7+ Kxf7 7. Nxe4 Rf8
8. Be3 Nc6 9. Ng5+ Kg8 10. Nf4 e5 11. Nfe6 Bxe6 12. Nxe6 Qe7 13. d5 Rfe8 14.
Nxg7 Qxg7 15. dxc6 bxc6 16. O-O d5 17. f3 d4 18. Bf2 c5 19. Qd3 Qe7 20. Rfe1
Qe6 21. b3 Rab8 22. Bg3 1-0

[Event "Politiken Cup 2008"]
[Site "Helsingør DEN"]
[Date "2008.07.20"]
[Round "3.100"]
[White "Haubro, Martin"]
[Black "Ukkelberg, Oyvind"]
[Result "1/2-1/2"]
[WhiteElo "1747"]
[BlackElo "1986"]
[PlyCount "45"]
[EventDate "2008.07.20"]
[EventType "swiss"]
[EventRounds "9"]
[EventCountry "DEN"]
[Source "lmi"]
[SourceDate "2008.07.20"]
[WhiteTeam "BMS"]
[BlackTeam "Trondheim"]

1. e4 c5 2. Nc3 e6 3. d3 d5 4. exd5 exd5 5. Nf3 Nc6 6. Bf4 a6 7. Be2 Be7 8. O-O
Nf6 9. d4 cxd4 10. Nxd4 O-O 11. Be3 Ne5 12. a3 Qc7 13. Bf4 Bd6 14. Kh1 Be6 15.
Bg5 Nc4 16. Bxf6 gxf6 17. Rb1 Kh8 18. a4 Rab8 19. Ndb5 axb5 20. Nxb5 Qc6 21.
Bxc4 Qxc4 22. Nxd6 Qf4 23. Qf3 1/2-1/2

[Event "Politiken Cup 2008"]
[Site "Helsingør DEN"]
[Date "2008.07.20"]
[Round "3.101"]
[White "Boje, Tobias"]
[Black "Kelder, Sjoerd"]
[Result "0-1"]
[WhiteElo "1979"]
[BlackElo "1798"]
[PlyCount "78"]
[EventDate "2008.07.20"]
[EventType "swiss"]
[EventRounds "9"]
[EventCountry "DEN"]
[Source "lmi"]
[SourceDate "2008.07.20"]
[WhiteTeam "Viby"]
[BlackTeam "HSV de Eenhoorn"]

1. e4 c5 2. Nc3 e6 3. g3 Nc6 4. Bg2 Nge7 5. d3 g6 6. Be3 d6 7. Qd2 h5 8. Nge2
Bg7 9. h3 Bd7 10. O-O Nd4 11. Nd1 Bc6 12. c3 Nxe2+ 13. Qxe2 Qc7 14. Qd2 b6 15.
d4 Qb7 16. f3 O-O-O 17. a4 h4 18. g4 f5 19. Qc2 e5 20. d5 Bd7 21. Nf2 Rdf8 22.
a5 b5 23. a6 Qc7 24. Rfd1 Bh6 25. Bxh6 Rxh6 26. Qe2 fxg4 27. fxg4 g5 28. Nd3 c4
29. Rf1 Rhf6 30. Rxf6 Rxf6 31. Nf2 Qb6 32. Rf1 Ng6 33. Qc2 Nf4 34. b4 Qe3 35.
Kh1 Ne2 36. Re1 Rxf2 37. Rg1 Rxg2 38. Kxg2 Qxg1+ 39. Kf3 Nf4 0-1

[Event "Politiken Cup 2008"]
[Site "Helsingør DEN"]
[Date "2008.07.20"]
[Round "3.102"]
[White "Kobberberg, Steen"]
[Black "Berkemer, Rainer"]
[Result "1/2-1/2"]
[WhiteElo "1710"]
[BlackElo "1975"]
[PlyCount "76"]
[EventDate "2008.07.20"]
[EventType "swiss"]
[EventRounds "9"]
[EventCountry "DEN"]
[Source "lmi"]
[SourceDate "2008.07.20"]
[WhiteTeam "Frederiksværk"]
[BlackTeam "SF Neckartenzlingen"]

1. d4 Nf6 2. Nf3 g6 3. Bg5 Bg7 4. Nbd2 d6 5. Bxf6 Bxf6 6. c3 Nc6 7. e4 e5 8. d5
Ne7 9. Rc1 Bg7 10. Bd3 f5 11. Qa4+ Bd7 12. Qb3 Rb8 13. O-O c6 14. c4 Bh6 15.
Qa3 Nc8 16. Rc2 Bxd2 17. Nxd2 c5 18. b4 b6 19. Rb1 Qc7 20. bxc5 bxc5 21. Rxb8
Qxb8 22. Rb2 Nb6 23. Bc2 f4 24. Ba4 Qc7 25. Bxd7+ Qxd7 26. Rb5 O-O 27. Qb3 Qg4
28. Nf3 g5 29. a4 Qh5 30. a5 Nc8 31. Rb8 g4 32. Qb7 gxf3 33. Rxc8 Qg4 34. Rxf8+
Kxf8 35. Qb8+ Ke7 36. Qc7+ Ke8 37. Qc6+ Ke7 38. Qc7+ Ke8 1/2-1/2

[Event "Politiken Cup 2008"]
[Site "Helsingør DEN"]
[Date "2008.07.20"]
[Round "3.103"]
[White "Glibstrup, Jakob"]
[Black "Jogvansson, Hjalti Toftum"]
[Result "0-1"]
[WhiteElo "1971"]
[BlackElo "1750"]
[PlyCount "68"]
[EventDate "2008.07.20"]
[EventType "swiss"]
[EventRounds "9"]
[EventCountry "DEN"]
[Source "lmi"]
[SourceDate "2008.07.20"]
[WhiteTeam "Skive"]
[BlackTeam "Havnar Telvingarfelag"]

1. e4 d5 2. exd5 Qxd5 3. Nc3 Qa5 4. d4 Nf6 5. Nf3 c6 6. Bc4 Bg4 7. Bd2 Qc7 8.
h3 Bh5 9. g4 Bg6 10. Ne5 Nbd7 11. Nxg6 hxg6 12. Qe2 e6 13. O-O-O Nb6 14. Bb3
O-O-O 15. Be3 Bd6 16. Rd3 Nbd5 17. Nxd5 exd5 18. Qf3 b5 19. Kb1 Ne4 20. Qg2 f5
21. f3 Ng3 22. Rg1 f4 23. Bf2 Rde8 24. Bxg3 fxg3 25. Bxd5 b4 26. Be4 Re6 27. d5
cxd5 28. Rxd5 Bc5 29. Rgd1 Bf2 30. c3 bxc3 31. Rc1 Rc6 32. Rd3 c2+ 33. Ka1 Qf4
34. Rxc2 Qc1+ 0-1

[Event "Politiken Cup 2008"]
[Site "Helsingør DEN"]
[Date "2008.07.20"]
[Round "3.104"]
[White "Tandrup, Michael"]
[Black "Mæchel, Michael"]
[Result "1-0"]
[WhiteElo "1969"]
[BlackElo "1743"]
[PlyCount "83"]
[EventDate "2008.07.20"]
[EventType "swiss"]
[EventRounds "9"]
[EventCountry "DEN"]
[Source "lmi"]
[SourceDate "2008.07.20"]
[WhiteTeam "BMS"]
[BlackTeam "Ålsgårde"]

1. d4 Nf6 2. Nf3 d5 3. e3 e6 4. Bd3 c5 5. dxc5 Bxc5 6. O-O O-O 7. b3 Nc6 8. Bb2
Qe7 9. Ne5 Nxe5 10. Bxe5 Bd6 11. Bb2 e5 12. Nd2 e4 13. Be2 Bf5 14. c4 Be5 15.
Qc1 Rac8 16. Bxe5 Qxe5 17. Qa3 Qc3 18. Rfd1 a6 19. Rac1 Qe5 20. cxd5 Nxd5 21.
Nc4 Rxc4 22. bxc4 Nf6 23. Qd6 Qb2 24. Qd2 Qb6 25. Rb1 Qc7 26. Qd6 Qa5 27. Rxb7
Qxa2 28. Qd2 Qa4 29. Qb2 Bg4 30. Bxg4 Nxg4 31. Rc1 Qa5 32. Rb8 Qc7 33. Rxf8+
Kxf8 34. g3 Ne5 35. Rb1 Nf3+ 36. Kg2 Qa5 37. Qb8+ Ke7 38. Rb7+ Kf6 39. Qf4+ Ke6
40. Qxf7+ Kd6 41. Qe7+ Kc6 42. Qd7+ 1-0

[Event "Politiken Cup 2008"]
[Site "Helsingør DEN"]
[Date "2008.07.20"]
[Round "3.105"]
[White "Henrichsen, Jens"]
[Black "Clausen, Jørgen"]
[Result "1-0"]
[WhiteElo "1966"]
[BlackElo "1630"]
[PlyCount "45"]
[EventDate "2008.07.20"]
[EventType "swiss"]
[EventRounds "9"]
[EventCountry "DEN"]
[Source "lmi"]
[SourceDate "2008.07.20"]
[WhiteTeam "AS04"]
[BlackTeam "Gråsten"]

1. d4 d5 2. c4 e6 3. Nf3 Nf6 4. Nc3 Nbd7 5. Bg5 c6 6. e3 Be7 7. Rc1 O-O 8. Bd3
h6 9. Bh4 Ne8 10. Bg3 Bd6 11. Ne5 Nxe5 12. dxe5 Bc7 13. O-O f6 14. exf6 Nxf6
15. Bxc7 Qxc7 16. Qe2 Bd7 17. f4 Be8 18. f5 Bh5 19. Qf2 exf5 20. cxd5 cxd5 21.
Qxf5 Qd6 22. Nxd5 Nxd5 23. Qh7# 1-0

[Event "Politiken Cup 2008"]
[Site "Helsingør DEN"]
[Date "2008.07.20"]
[Round "3.106"]
[White "Hjornevik, Knut Jarle"]
[Black "Botheim, Tor"]
[Result "1/2-1/2"]
[WhiteElo "1645"]
[BlackElo "1964"]
[PlyCount "80"]
[EventDate "2008.07.20"]
[EventType "swiss"]
[EventRounds "9"]
[EventCountry "DEN"]
[Source "lmi"]
[SourceDate "2008.07.20"]
[WhiteTeam "Sandness"]
[BlackTeam "1911"]

1. d4 Nf6 2. Nf3 g6 3. c4 Bg7 4. Nc3 O-O 5. e4 d6 6. Be2 e5 7. dxe5 dxe5 8.
Qxd8 Rxd8 9. Bg5 Re8 10. Nd5 Nxd5 11. cxd5 c6 12. Bc4 cxd5 13. Bxd5 Nc6 14.
Bxc6 bxc6 15. Rc1 Rb8 16. b3 Bb7 17. Nd2 Rbc8 18. Nc4 Re6 19. O-O c5 20. f3 f5
21. Rfd1 Bf8 22. Rd7 Ba8 23. Rxa7 fxe4 24. fxe4 Bxe4 25. Re1 Bd5 26. Ne3 Ba8
27. Ng4 c4 28. Nh6+ Bxh6 29. Bxh6 cxb3 30. axb3 g5 31. Bxg5 Rg6 32. Rxe5 h6 33.
Bf4 Rxg2+ 34. Kf1 Bc6 35. Bxh6 Rg6 36. Rg5 Rxg5 37. Bxg5 Rb8 38. Rc7 Bd5 39.
Bf6 Rxb3 40. Ke2 Rh3 1/2-1/2

[Event "Politiken Cup 2008"]
[Site "Helsingør DEN"]
[Date "2008.07.20"]
[Round "3.107"]
[White "Grass, Ernest"]
[Black "Knudsen, Joakim Holm"]
[Result "1-0"]
[WhiteElo "1953"]
[BlackElo "1606"]
[PlyCount "79"]
[EventDate "2008.07.20"]
[EventType "swiss"]
[EventRounds "9"]
[EventCountry "DEN"]
[Source "lmi"]
[SourceDate "2008.07.20"]
[WhiteTeam "Schachfreunde Braunfelds"]
[BlackTeam "Allerød"]

1. e4 c6 2. Nc3 d5 3. Nf3 dxe4 4. Nxe4 Bg4 5. Be2 Nd7 6. h3 Bxf3 7. Bxf3 e6 8.
O-O Ngf6 9. d4 Qc7 10. c3 Rd8 11. Qc2 c5 12. Nxf6+ Nxf6 13. Qa4+ Rd7 14. Qxa7
Qc8 15. Be2 Rc7 16. Bb5+ Nd7 17. Bf4 Be7 18. Bxc7 Qxc7 19. Qa8+ Bd8 20. Qa4 Qd6
21. dxc5 Qe5 22. Bxd7+ Ke7 23. Bb5 Bc7 24. f4 Qxc5+ 25. Kh1 g5 26. Rad1 Bd6 27.
Rxd6 Qxd6 28. Qe4 Qb6 29. a4 h6 30. f5 h5 31. fxe6 fxe6 32. Qg6 Rd8 33. Rf7+
Kd6 34. Qd3+ Ke5 35. Qg3+ Kd5 36. c4+ Kc5 37. Qe5+ Kb4 38. Qc3+ Kc5 39. b4+ Kd6
40. c5+ 1-0

[Event "Politiken Cup 2008"]
[Site "Helsingør DEN"]
[Date "2008.07.20"]
[Round "3.109"]
[White "Harders, Poul Erik"]
[Black "Marshall, Michael"]
[Result "0-1"]
[WhiteElo "1612"]
[BlackElo "1917"]
[PlyCount "48"]
[EventDate "2008.07.20"]
[EventType "swiss"]
[EventRounds "9"]
[EventCountry "DEN"]
[Source "lmi"]
[SourceDate "2008.07.20"]
[WhiteTeam "Gladsaxe"]
[BlackTeam "Odysseus"]

1. d4 d5 2. c4 e6 3. Nc3 c5 4. cxd5 cxd4 5. Qxd4 Nc6 6. Qa4 exd5 7. Nf3 Nf6 8.
Bg5 Be7 9. Rd1 Bd7 10. Qb3 O-O 11. a3 Be6 12. Qc2 d4 13. e3 Qa5 14. exd4 Nd5
15. Bxe7 Ncxe7 16. Bd3 Rac8 17. Rc1 Nxc3 18. bxc3 Nd5 19. O-O Rxc3 20. Bxh7+
Kh8 21. Qe4 Rxc1 22. Rxc1 Nf6 23. Qh4 Nxh7 24. Ng5 Qxg5 0-1

[Event "Politiken Cup 2008"]
[Site "Helsingør DEN"]
[Date "2008.07.20"]
[Round "3.110"]
[White "Gade, Jens"]
[Black "Jensen, Niels Christian"]
[Result "0-1"]
[WhiteElo "1514"]
[BlackElo "1903"]
[PlyCount "84"]
[EventDate "2008.07.20"]
[EventType "swiss"]
[EventRounds "9"]
[EventCountry "DEN"]
[Source "lmi"]
[SourceDate "2008.07.20"]
[WhiteTeam "Amager"]
[BlackTeam "AS04"]

1. f4 Nf6 2. Nf3 g6 3. e3 Bg7 4. Be2 O-O 5. O-O d5 6. d4 c5 7. c3 b6 8. c4 cxd4
9. Nxd4 Bb7 10. cxd5 Qxd5 11. Bf3 Qd7 12. Bxb7 Qxb7 13. Qf3 Qxf3 14. Nxf3 Nbd7
15. Nc3 Nc5 16. Rd1 Rfd8 17. Bd2 Nfe4 18. Nxe4 Nxe4 19. Rab1 Rac8 20. Be1 Rxd1
21. Rxd1 Bxb2 22. Rd7 e6 23. Rxa7 Bc1 24. Bf2 Rc2 25. Be1 Bxe3+ 26. Kf1 Bxf4
27. Ra4 Nd2+ 28. Nxd2 Bxd2 29. Bxd2 Rxd2 30. Rb4 Rxa2 31. Rxb6 g5 32. Rb5 h6
33. h3 Kg7 34. Re5 Kg6 35. Re3 h5 36. Kg1 h4 37. Rf3 f5 38. g3 hxg3 39. Rxg3 f4
40. Rb3 Kf5 41. Rb8 f3 42. Rb4 e5 0-1